[Event "VIII Miedzynarodowy Memorial Ferdynanda Dziedzica"]
[Site "Trzcianka"]
[Date "2018.10.14"]
[Round "2.1"]
[White "Sokolowski, Ryszard"]
[Black "Moiseenko, Alexander"]
[Result "0-1"]
[BlackElo "2680"]
[WhiteElo "1940"]
[LiveChessVersion "1.4.8"]

1. Nf3 {[%clk 0:10:09]} Nf6 {[%clk 0:10:06]} 2. c4 {[%clk 0:10:09]} e6
{[%clk 0:10:09]} 3. g3 {[%clk 0:10:05]} d5 {[%clk 0:10:12]} 4. Bg2
{[%clk 0:10:04]} d4 {[%clk 0:10:14]} 5. e3 {[%clk 0:09:29]} c5 {[%clk 0:10:16]}
6. exd4 {[%clk 0:09:25]} cxd4 {[%clk 0:10:19]} 7. d3 {[%clk 0:09:25]} Nc6
{[%clk 0:10:18]} 8. O-O {[%clk 0:09:27]} Bd6 {[%clk 0:10:19]} 9. Bg5
{[%clk 0:09:00]} h6 {[%clk 0:10:22]} 10. Bxf6 {[%clk 0:09:02]} Qxf6
{[%clk 0:10:24]} 11. Nbd2 {[%clk 0:09:03]} Qe7 {[%clk 0:10:15]} 12. Re1
{[%clk 0:08:35]} O-O {[%clk 0:09:55]} 13. a3 {[%clk 0:07:58]} a5 {[%clk 0:09:53]}
14. Rc1 {[%clk 0:07:56]} Rd8 {[%clk 0:09:14]} 15. Qc2 {[%clk 0:07:09]} a4
{[%clk 0:08:38]} 16. Nh4 {[%clk 0:04:34]} Ra5 {[%clk 0:08:24]} 17. Ne4
{[%clk 0:04:28]} Bc7 {[%clk 0:07:27]} 18. f4 {[%clk 0:04:26]} Bxf4
{[%clk 0:07:03]} 19. gxf4 {[%clk 0:04:17]} Qxh4 {[%clk 0:07:05]} 20. Qf2
{[%clk 0:04:14]} Qxf2+ {[%clk 0:06:50]} 21. Kxf2 {[%clk 0:03:57]} Ne7
{[%clk 0:06:49]} 22. c5 {[%clk 0:03:44]} Rb5 {[%clk 0:05:51]} 23. Re2
{[%clk 0:03:44]} Rb3 {[%clk 0:05:32]} 24. Rd2 {[%clk 0:03:40]} Nd5
{[%clk 0:03:35]} 25. Kf3 {[%clk 0:03:05]} Bd7 {[%clk 0:03:26]} 26. Rc4
{[%clk 0:02:48]} Bc6 {[%clk 0:03:09]} 27. Rxd4 {[%clk 0:02:32]} f5
{[%clk 0:02:54]} 28. Nd6 {[%clk 0:02:33]} g5 {[%clk 0:02:22]} 29. fxg5
{[%clk 0:02:23]} e5 {[%clk 0:02:25]} 30. Rxd5 {[%clk 0:01:46]} Bxd5+
{[%clk 0:02:28]} 31. Kf2 {[%clk 0:01:50]} Bxg2 {[%clk 0:02:31]} 32. Kxg2
{[%clk 0:01:55]} hxg5 {[%clk 0:02:30]} 33. Kf2 {[%clk 0:01:49]} b6
{[%clk 0:02:07]} 34. Nxf5 {[%clk 0:01:22]} Rf8 {[%clk 0:02:00]} 0-1

[Event "VIII Miedzynarodowy Memorial Ferdynanda Dziedzica"]
[Site "Trzcianka"]
[Date "2018.10.14"]
[Round "2.2"]
[White "Piorun, Kacper"]
[Black "Darowicki, Mariusz"]
[Result "1-0"]
[BlackElo "1944"]
[WhiteElo "2636"]
[LiveChessVersion "1.4.8"]

1. e4 {[%clk 0:10:07]} c6 {[%clk 0:10:09]} 2. d4 {[%clk 0:10:10]} d5
{[%clk 0:10:12]} 3. exd5 {[%clk 0:10:14]} cxd5 {[%clk 0:10:16]} 4. Bd3
{[%clk 0:10:18]} Nc6 {[%clk 0:10:15]} 5. c3 {[%clk 0:10:22]} Nf6 {[%clk 0:10:09]}
6. h3 {[%clk 0:10:26]} e6 {[%clk 0:10:07]} 7. Bf4 {[%clk 0:10:24]} Bd6
{[%clk 0:10:09]} 8. Bxd6 {[%clk 0:10:02]} Qxd6 {[%clk 0:10:12]} 9. Nf3
{[%clk 0:10:06]} O-O {[%clk 0:10:07]} 10. O-O {[%clk 0:10:09]} e5
{[%clk 0:10:02]} 11. dxe5 {[%clk 0:10:10]} Nxe5 {[%clk 0:10:04]} 12. Nxe5
{[%clk 0:09:46]} Qxe5 {[%clk 0:10:07]} 13. Nd2 {[%clk 0:09:51]} Re8
{[%clk 0:09:23]} 14. Nf3 {[%clk 0:09:48]} Qf4 {[%clk 0:09:26]} 15. Qc1
{[%clk 0:09:34]} Qxc1 {[%clk 0:08:57]} 16. Raxc1 {[%clk 0:09:38]} Be6
{[%clk 0:07:25]} 17. Nd4 {[%clk 0:09:38]} Ne4 {[%clk 0:06:46]} 18. Rfe1
{[%clk 0:09:10]} Nc5 {[%clk 0:06:33]} 19. Bc2 {[%clk 0:09:05]} a6
{[%clk 0:06:10]} 20. f3 {[%clk 0:09:02]} Rad8 {[%clk 0:06:06]} 21. Kf2
{[%clk 0:09:06]} g6 {[%clk 0:06:00]} 22. h4 {[%clk 0:08:37]} h5 {[%clk 0:05:53]}
23. Rcd1 {[%clk 0:07:54]} Bc8 {[%clk 0:05:16]} 24. Rxe8+ {[%clk 0:07:44]} Rxe8
{[%clk 0:05:19]} 25. Ne2 {[%clk 0:07:46]} Be6 {[%clk 0:05:02]} 26. Nf4
{[%clk 0:07:40]} Rd8 {[%clk 0:04:45]} 27. b4 {[%clk 0:07:37]} Nd7
{[%clk 0:04:37]} 28. Bxg6 {[%clk 0:07:37]} Nf6 {[%clk 0:04:03]} 29. Nxh5
{[%clk 0:06:49]} Nxh5 {[%clk 0:03:57]} 30. Bxh5 {[%clk 0:06:53]} d4
{[%clk 0:03:53]} 31. Rd2 {[%clk 0:06:05]} Kg7 {[%clk 0:03:41]} 32. cxd4
{[%clk 0:06:02]} b5 {[%clk 0:03:35]} 33. f4 {[%clk 0:06:02]} Rc8 {[%clk 0:03:32]}
34. d5 {[%clk 0:05:29]} Bd7 {[%clk 0:03:35]} 35. Re2 {[%clk 0:05:31]} Kf6
{[%clk 0:03:26]} 36. g4 {[%clk 0:05:32]} Rc4 {[%clk 0:03:25]} 37. g5+
{[%clk 0:05:23]} Kg7 {[%clk 0:03:29]} 38. Re7 {[%clk 0:05:26]} Rc2+
{[%clk 0:03:15]} 39. Ke3 {[%clk 0:05:22]} Rc3+ {[%clk 0:03:04]} 40. Kd2
{[%clk 0:05:26]} Rc7 {[%clk 0:03:00]} 41. Bg4 {[%clk 0:05:22]} 1-0

[Event "VIII Miedzynarodowy Memorial Ferdynanda Dziedzica"]
[Site "Trzcianka"]
[Date "2018.10.14"]
[Round "2.3"]
[White "Dwilewicz, Katarzyna"]
[Black "Tomczak, Jacek"]
[Result "0-1"]
[BlackElo "2546"]
[WhiteElo "1918"]
[LiveChessVersion "1.4.8"]

1. d4 {[%clk 0:10:07]} Nf6 {[%clk 0:10:08]} 2. Nf3 {[%clk 0:10:08]} g6
{[%clk 0:10:10]} 3. e3 {[%clk 0:09:59]} Bg7 {[%clk 0:10:12]} 4. Be2
{[%clk 0:09:58]} O-O {[%clk 0:10:13]} 5. O-O {[%clk 0:10:00]} c5 {[%clk 0:10:16]}
6. b3 {[%clk 0:08:59]} b6 {[%clk 0:09:50]} 7. Bb2 {[%clk 0:08:57]} Bb7
{[%clk 0:09:52]} 8. c4 {[%clk 0:07:58]} cxd4 {[%clk 0:09:40]} 9. exd4
{[%clk 0:07:57]} d5 {[%clk 0:09:41]} 10. Nc3 {[%clk 0:06:16]} Nbd7
{[%clk 0:09:30]} 11. Re1 {[%clk 0:06:13]} Rc8 {[%clk 0:09:30]} 12. Rc1
{[%clk 0:04:49]} Re8 {[%clk 0:09:22]} 13. Bd3 {[%clk 0:04:18]} a6
{[%clk 0:07:12]} 14. Rc2 {[%clk 0:04:15]} dxc4 {[%clk 0:07:03]} 15. bxc4
{[%clk 0:04:09]} Qc7 {[%clk 0:06:42]} 16. h3 {[%clk 0:03:52]} Qf4
{[%clk 0:05:55]} 17. Ne2 {[%clk 0:03:23]} Qb8 {[%clk 0:05:46]} 18. Ng3
{[%clk 0:02:51]} e6 {[%clk 0:05:45]} 19. Ba1 {[%clk 0:02:33]} h5 {[%clk 0:05:25]}
20. Re3 {[%clk 0:02:03]} Red8 {[%clk 0:05:16]} 21. Re1 {[%clk 0:02:00]} Qf4
{[%clk 0:05:12]} 22. Ne2 {[%clk 0:01:41]} Qd6 {[%clk 0:05:11]} 23. Nc3
{[%clk 0:01:16]} Qb4 {[%clk 0:04:48]} 24. Rb2 {[%clk 0:00:51]} Qa5
{[%clk 0:04:52]} 25. Rb3 {[%clk 0:00:41]} Nf8 {[%clk 0:04:22]} 26. c5
{[%clk 0:00:38]} b5 {[%clk 0:04:18]} 27. a4 {[%clk 0:00:25]} b4 {[%clk 0:03:58]}
28. Na2 {[%clk 0:00:23]} Bxf3 {[%clk 0:03:57]} 29. Qxf3 {[%clk 0:00:26]} Qxa4
{[%clk 0:04:00]} 30. Bc4 {[%clk 0:00:23]} Qxa2 {[%clk 0:03:52]} 31. Rxb4
{[%clk 0:00:20]} Qa5 {[%clk 0:03:31]} 32. Bc3 {[%clk 0:00:16]} Qc7
{[%clk 0:02:25]} 33. Rb6 {[%clk 0:00:10]} Nd5 {[%clk 0:02:25]} 34. Bxd5
{[%clk 0:00:09]} Rxd5 {[%clk 0:02:28]} 35. Rxa6 {[%clk 0:00:11]} Bxd4
{[%clk 0:02:28]} 36. Rea1 {[%clk 0:00:11]} Bxc3 {[%clk 0:02:21]} 37. Ra7
{[%clk 0:00:12]} Bxa1 {[%clk 0:02:24]} 38. Rxc7 {[%clk 0:00:15]} Rxc7
{[%clk 0:02:27]} 0-1

[Event "VIII Miedzynarodowy Memorial Ferdynanda Dziedzica"]
[Site "Trzcianka"]
[Date "2018.10.14"]
[Round "2.4"]
[White "Jaracz, Pawel"]
[Black "Koziorowicz, Michal"]
[Result "1-0"]
[BlackElo "1922"]
[WhiteElo "2538"]
[LiveChessVersion "1.4.8"]

1. Nf3 {[%clk 0:10:05]} e6 {[%clk 0:10:05]} 2. c4 {[%clk 0:10:05]} b6
{[%clk 0:10:05]} 3. d4 {[%clk 0:10:05]} f5 {[%clk 0:10:05]} 4. g3
{[%clk 0:10:05]} Nf6 {[%clk 0:10:05]} 5. Bg2 {[%clk 0:10:05]} Bb7
{[%clk 0:10:05]} 6. O-O {[%clk 0:10:05]} Be7 {[%clk 0:10:05]} 7. Nc3
{[%clk 0:10:05]} O-O {[%clk 0:10:05]} 8. Qc2 {[%clk 0:10:05]} Ne4
{[%clk 0:10:05]} 9. Rd1 {[%clk 0:10:03]} d5 {[%clk 0:09:53]} 10. Bf4
{[%clk 0:09:58]} c6 {[%clk 0:09:50]} 11. cxd5 {[%clk 0:08:50]} cxd5
{[%clk 0:09:48]} 12. Nb5 {[%clk 0:08:48]} Na6 {[%clk 0:09:18]} 13. Ne5
{[%clk 0:08:47]} Rc8 {[%clk 0:09:16]} 14. Qa4 {[%clk 0:08:50]} Nd6
{[%clk 0:07:54]} 15. Nxa7 {[%clk 0:08:51]} Ra8 {[%clk 0:07:04]} 16. Nac6
{[%clk 0:08:54]} Qe8 {[%clk 0:07:01]} 17. Nxe7+ {[%clk 0:08:57]} Qxe7
{[%clk 0:07:04]} 18. Qd7 {[%clk 0:08:51]} Rf7 {[%clk 0:06:10]} 19. Qxe7
{[%clk 0:08:49]} Rxe7 {[%clk 0:06:14]} 20. Rac1 {[%clk 0:08:43]} Nf7
{[%clk 0:05:22]} 21. Rc3 {[%clk 0:08:22]} Nxe5 {[%clk 0:03:38]} 22. Bxe5
{[%clk 0:08:25]} Nb4 {[%clk 0:03:42]} 23. Bd6 {[%clk 0:08:22]} Nxa2
{[%clk 0:03:19]} 24. Bxe7 {[%clk 0:08:25]} Nxc3 {[%clk 0:03:22]} 25. bxc3
{[%clk 0:08:29]} Ra2 {[%clk 0:03:26]} 26. Bf1 {[%clk 0:08:28]} Ba6
{[%clk 0:03:22]} 27. e3 {[%clk 0:08:15]} Bc8 {[%clk 0:03:05]} 28. Rb1
{[%clk 0:08:17]} Kf7 {[%clk 0:03:08]} 29. Bd6 {[%clk 0:08:20]} Rc2
{[%clk 0:03:02]} 30. Bb4 {[%clk 0:08:08]} Ra2 {[%clk 0:03:02]} 31. h4
{[%clk 0:08:10]} h6 {[%clk 0:02:58]} 32. h5 {[%clk 0:08:14]} Kf6 {[%clk 0:02:58]}
33. Bg2 {[%clk 0:07:48]} Kg5 {[%clk 0:02:48]} 34. Bf3 {[%clk 0:07:52]} Ba6
{[%clk 0:02:52]} 35. Be7# {[%clk 0:07:55]} 1-0

[Event "VIII Miedzynarodowy Memorial Ferdynanda Dziedzica"]
[Site "Trzcianka"]
[Date "2018.10.14"]
[Round "2.5"]
[White "Dzida, Kamil"]
[Black "Krasenkow, Michal"]
[Result "0-1"]
[BlackElo "2524"]
[WhiteElo "1913"]
[LiveChessVersion "1.4.8"]

1. e4 {[%clk 0:10:09]} d6 {[%clk 0:10:10]} 2. d4 {[%clk 0:10:10]} Nf6
{[%clk 0:10:14]} 3. Nc3 {[%clk 0:10:14]} c6 {[%clk 0:10:19]} 4. f3
{[%clk 0:10:15]} Nbd7 {[%clk 0:10:12]} 5. Be3 {[%clk 0:10:18]} e5
{[%clk 0:10:16]} 6. Nge2 {[%clk 0:10:05]} Be7 {[%clk 0:10:20]} 7. a4
{[%clk 0:10:05]} a5 {[%clk 0:10:19]} 8. Ng3 {[%clk 0:09:23]} Nf8 {[%clk 0:09:48]}
9. dxe5 {[%clk 0:08:20]} dxe5 {[%clk 0:09:51]} 10. Qxd8+ {[%clk 0:08:09]} Bxd8
{[%clk 0:09:54]} 11. O-O-O {[%clk 0:08:09]} g6 {[%clk 0:09:33]} 12. Bg5
{[%clk 0:07:51]} Be7 {[%clk 0:09:33]} 13. Bc4 {[%clk 0:07:13]} Be6
{[%clk 0:09:24]} 14. Bxe6 {[%clk 0:06:56]} Nxe6 {[%clk 0:09:27]} 15. Be3
{[%clk 0:06:55]} Bc5 {[%clk 0:08:45]} 16. Bxc5 {[%clk 0:05:49]} Nxc5
{[%clk 0:08:48]} 17. Nge2 {[%clk 0:05:23]} h5 {[%clk 0:08:14]} 18. h4
{[%clk 0:05:03]} Rd8 {[%clk 0:08:06]} 19. Rxd8+ Kxd8 {[%clk 0:08:10]} 20. Rd1+
{[%clk 0:04:43]} Ke7 {[%clk 0:07:51]} 21. b3 {[%clk 0:04:44]} Ne8
{[%clk 0:07:50]} 22. Kd2 {[%clk 0:04:35]} Nd6 {[%clk 0:07:48]} 23. Ke3
{[%clk 0:03:44]} f5 {[%clk 0:07:51]} 24. g3 {[%clk 0:03:26]} Rf8 {[%clk 0:07:43]}
25. Nc1 {[%clk 0:02:37]} fxe4 {[%clk 0:06:04]} 26. fxe4 {[%clk 0:02:41]} Ke6
{[%clk 0:06:02]} 27. Nd3 {[%clk 0:02:14]} Nd7 {[%clk 0:05:46]} 28. Rd2
{[%clk 0:01:42]} Rf1 {[%clk 0:05:36]} 29. Rf2 {[%clk 0:01:42]} Rh1
{[%clk 0:05:28]} 30. Kf3 {[%clk 0:01:08]} Nf6 {[%clk 0:05:03]} 31. Kg2
{[%clk 0:00:47]} Ra1 {[%clk 0:05:06]} 32. Re2 {[%clk 0:00:49]} b5
{[%clk 0:04:42]} 33. Nc5+ {[%clk 0:00:20]} Ke7 {[%clk 0:04:46]} 34. axb5
{[%clk 0:00:21]} Nxb5 {[%clk 0:04:16]} 35. Nxb5 {[%clk 0:00:20]} cxb5
{[%clk 0:04:20]} 36. Rd2 {[%clk 0:00:23]} a4 {[%clk 0:04:16]} 37. bxa4
{[%clk 0:00:09]} bxa4 {[%clk 0:04:20]} 38. c4 {[%clk 0:00:07]} a3
{[%clk 0:03:40]} 39. Nd3 {[%clk 0:00:06]} a2 {[%clk 0:03:33]} 40. Nb4
{[%clk 0:00:10]} Rg1+ {[%clk 0:03:36]} 0-1

[Event "VIII Miedzynarodowy Memorial Ferdynanda Dziedzica"]
[Site "Trzcianka"]
[Date "2018.10.14"]
[Round "2.6"]
[White "Kantans, Toms"]
[Black "Gasik, Piotr"]
[Result "1-0"]
[BlackElo "1916"]
[WhiteElo "2513"]
[LiveChessVersion "1.4.8"]

1. e4 {[%clk 0:10:07]} Nf6 {[%clk 0:10:09]} 2. e5 {[%clk 0:10:10]} Nd5
{[%clk 0:10:12]} 3. c4 {[%clk 0:10:14]} Nb6 {[%clk 0:10:16]} 4. d4
{[%clk 0:10:18]} d6 {[%clk 0:10:20]} 5. exd6 {[%clk 0:10:21]} cxd6
{[%clk 0:10:24]} 6. d5 {[%clk 0:10:22]} e5 {[%clk 0:10:27]} 7. Nc3
{[%clk 0:10:25]} Be7 {[%clk 0:10:18]} 8. Bd3 {[%clk 0:10:28]} f5 {[%clk 0:10:22]}
9. b3 {[%clk 0:10:30]} O-O {[%clk 0:10:24]} 10. Nge2 {[%clk 0:10:32]} N8d7
{[%clk 0:10:26]} 11. O-O {[%clk 0:10:34]} Nc5 {[%clk 0:10:25]} 12. Bc2
{[%clk 0:10:38]} a5 {[%clk 0:10:29]} 13. Be3 {[%clk 0:10:36]} f4 {[%clk 0:10:21]}
14. Bxc5 {[%clk 0:10:37]} dxc5 {[%clk 0:10:25]} 15. f3 {[%clk 0:10:25]} a4
{[%clk 0:09:53]} 16. Nb5 {[%clk 0:10:24]} axb3 {[%clk 0:09:49]} 17. axb3
{[%clk 0:10:28]} Rxa1 {[%clk 0:09:53]} 18. Qxa1 {[%clk 0:10:31]} Bd6
{[%clk 0:09:51]} 19. Nec3 {[%clk 0:10:27]} Bf5 {[%clk 0:09:20]} 20. Bxf5
{[%clk 0:10:24]} Rxf5 {[%clk 0:09:24]} 21. Ne4 {[%clk 0:10:13]} Nc8
{[%clk 0:09:09]} 22. Qa8 {[%clk 0:10:07]} Rf8 {[%clk 0:06:58]} 23. Qxb7
{[%clk 0:10:01]} Rf7 {[%clk 0:06:10]} 24. Qc6 {[%clk 0:09:57]} Bf8
{[%clk 0:06:09]} 25. Ra1 {[%clk 0:09:54]} Ne7 {[%clk 0:06:05]} 26. Qe6
{[%clk 0:09:56]} Ng6 {[%clk 0:06:04]} 27. Ra7 {[%clk 0:09:48]} Nh8
{[%clk 0:05:17]} 28. Nbd6 {[%clk 0:08:37]} Bxd6 {[%clk 0:04:53]} 29. Nxd6
{[%clk 0:08:39]} Qxd6 {[%clk 0:03:49]} 30. Qxd6 {[%clk 0:08:36]} Rxa7
{[%clk 0:03:52]} 31. Qb8+ {[%clk 0:08:39]} 1-0

[Event "VIII Miedzynarodowy Memorial Ferdynanda Dziedzica"]
[Site "Trzcianka"]
[Date "2018.10.14"]
[Round "2.7"]
[White "Suliborski Artur"]
[Black "Tomczak, Mikolaj"]
[Result "0-1"]
[BlackElo "2448"]
[WhiteElo "1894"]
[LiveChessVersion "1.4.8"]

1. d4 {[%clk 0:10:07]} Nf6 {[%clk 0:10:08]} 2. Nf3 {[%clk 0:10:11]} g6
{[%clk 0:10:11]} 3. c4 {[%clk 0:10:14]} Bg7 {[%clk 0:10:15]} 4. Nc3
{[%clk 0:10:17]} O-O {[%clk 0:10:17]} 5. e4 {[%clk 0:10:20]} d6 {[%clk 0:10:21]}
6. Be2 {[%clk 0:10:19]} e5 {[%clk 0:10:24]} 7. O-O {[%clk 0:10:01]} Nc6
{[%clk 0:10:28]} 8. Be3 {[%clk 0:09:39]} Ng4 {[%clk 0:10:03]} 9. Bg5
{[%clk 0:09:42]} f6 {[%clk 0:10:06]} 10. Bc1 {[%clk 0:09:04]} exd4
{[%clk 0:09:23]} 11. Nxd4 {[%clk 0:09:04]} f5 {[%clk 0:09:23]} 12. Nxc6
{[%clk 0:07:17]} bxc6 {[%clk 0:09:26]} 13. exf5 {[%clk 0:06:56]} gxf5
{[%clk 0:09:29]} 14. h3 {[%clk 0:06:49]} Ne5 {[%clk 0:09:28]} 15. f4
{[%clk 0:06:33]} Ng6 {[%clk 0:09:30]} 16. Bf3 {[%clk 0:06:36]} Bd7
{[%clk 0:09:32]} 17. g3 {[%clk 0:04:30]} Rb8 {[%clk 0:09:31]} 18. Qc2
{[%clk 0:04:15]} Be6 {[%clk 0:07:38]} 19. Bxc6 {[%clk 0:03:47]} Bxc4
{[%clk 0:07:29]} 20. Bd5+ {[%clk 0:03:39]} Bxd5 {[%clk 0:07:33]} 21. Nxd5
{[%clk 0:03:43]} Ne7 {[%clk 0:07:06]} 22. Rd1 {[%clk 0:03:17]} Nxd5
{[%clk 0:07:04]} 23. Rxd5 {[%clk 0:03:20]} Qd7 {[%clk 0:06:08]} 24. Rb1
{[%clk 0:02:49]} Qe6 {[%clk 0:06:06]} 25. Qd1 {[%clk 0:02:22]} Qe4
{[%clk 0:05:41]} 26. Rd3 {[%clk 0:01:43]} Rb4 {[%clk 0:04:50]} 27. Be3
{[%clk 0:01:46]} Re8 {[%clk 0:04:25]} 28. Bf2 {[%clk 0:01:35]} Qe2
{[%clk 0:04:06]} 29. b3 {[%clk 0:01:31]} Qxa2 {[%clk 0:03:50]} 30. Rd2
{[%clk 0:01:34]} Qa6 {[%clk 0:03:39]} 31. Rc2 {[%clk 0:01:30]} Qb7
{[%clk 0:03:17]} 32. Ra2 {[%clk 0:01:07]} a6 {[%clk 0:03:00]} 33. Qd3
{[%clk 0:01:11]} Qb5 {[%clk 0:02:58]} 34. Qxb5 {[%clk 0:00:38]} axb5
{[%clk 0:02:57]} 35. Ra7 {[%clk 0:00:39]} c5 {[%clk 0:02:52]} 36. Rd7
{[%clk 0:00:40]} c4 {[%clk 0:02:43]} 37. Rxd6 Rxb3 {[%clk 0:02:47]} 38. Rbd1
{[%clk 0:00:29]} c3 {[%clk 0:02:48]} 39. Kg2 {[%clk 0:00:22]} c2 {[%clk 0:02:46]}
40. Rc1 {[%clk 0:00:25]} Rc8 {[%clk 0:02:49]} 41. Rd2 {[%clk 0:00:25]} Rbc3
{[%clk 0:02:52]} 42. Bd4 {[%clk 0:00:27]} Bxd4 {[%clk 0:02:41]} 43. Rxd4
{[%clk 0:00:30]} R3c4 {[%clk 0:02:36]} 44. Rd5 {[%clk 0:00:27]} b4
{[%clk 0:02:38]} 45. Rxf5 {[%clk 0:00:25]} Rb8 {[%clk 0:02:37]} 46. Rg5+
{[%clk 0:00:29]} Kh8 {[%clk 0:02:38]} 0-1

[Event "VIII Miedzynarodowy Memorial Ferdynanda Dziedzica"]
[Site "Trzcianka"]
[Date "2018.10.14"]
[Round "2.8"]
[White "Jedynak, Radoslaw"]
[Black "Czyz, Andrzej"]
[Result "1-0"]
[BlackElo "1894"]
[WhiteElo "2424"]
[LiveChessVersion "1.4.8"]

1. d4 {[%clk 0:08:02]} Nf6 {[%clk 0:10:06]} 2. c4 {[%clk 0:08:04]} c5
{[%clk 0:10:08]} 3. d5 {[%clk 0:08:08]} b5 {[%clk 0:10:10]} 4. cxb5
{[%clk 0:08:11]} a6 {[%clk 0:10:13]} 5. b6 {[%clk 0:08:14]} Qxb6 {[%clk 0:10:12]}
6. Nc3 {[%clk 0:08:16]} d6 {[%clk 0:10:13]} 7. e4 {[%clk 0:08:07]} Nbd7
{[%clk 0:10:09]} 8. Nf3 {[%clk 0:08:10]} g6 {[%clk 0:10:10]} 9. Be2
{[%clk 0:08:11]} Bg7 {[%clk 0:10:13]} 10. O-O {[%clk 0:08:14]} a5
{[%clk 0:09:57]} 11. a4 {[%clk 0:08:14]} Ba6 {[%clk 0:09:53]} 12. Nd2
{[%clk 0:08:16]} Rc8 {[%clk 0:09:36]} 13. Bb5 {[%clk 0:07:52]} O-O
{[%clk 0:09:37]} 14. Nc4 {[%clk 0:07:51]} Qa7 {[%clk 0:09:22]} 15. Nxa5
{[%clk 0:07:42]} Nb8 {[%clk 0:08:50]} 16. Bg5 {[%clk 0:07:29]} c4
{[%clk 0:07:49]} 17. Qe2 {[%clk 0:06:20]} Qc5 {[%clk 0:06:36]} 18. Bxa6
{[%clk 0:05:39]} Nxa6 {[%clk 0:06:32]} 19. Nc6 {[%clk 0:05:32]} Rfe8
{[%clk 0:06:17]} 20. Be3 {[%clk 0:05:35]} Rxc6 {[%clk 0:06:08]} 21. Bxc5
{[%clk 0:05:38]} Rxc5 {[%clk 0:06:12]} 22. f4 {[%clk 0:05:30]} Nd7
{[%clk 0:06:15]} 23. h3 {[%clk 0:05:27]} Rb8 {[%clk 0:06:19]} 24. Kh1
{[%clk 0:05:24]} Nb4 {[%clk 0:06:23]} 25. a5 {[%clk 0:05:25]} Nd3
{[%clk 0:06:27]} 26. Ra2 {[%clk 0:05:01]} Bh6 {[%clk 0:06:19]} 27. a6
{[%clk 0:04:55]} Bxf4 {[%clk 0:06:08]} 28. Rxf4 {[%clk 0:04:43]} Nxf4
{[%clk 0:06:12]} 29. Qg4 {[%clk 0:04:47]} Ne5 {[%clk 0:05:47]} 30. Qxf4
{[%clk 0:04:50]} Nd3 {[%clk 0:05:52]} 31. Qe3 {[%clk 0:04:48]} Nxb2
{[%clk 0:05:50]} 32. a7 {[%clk 0:04:48]} Ra8 {[%clk 0:05:49]} 33. Rxb2
{[%clk 0:04:51]} Rxa7 {[%clk 0:05:53]} 34. e5 {[%clk 0:04:54]} Ra1+
{[%clk 0:05:51]} 35. Kh2 {[%clk 0:04:58]} Rc8 {[%clk 0:05:26]} 36. exd6
{[%clk 0:04:59]} exd6 {[%clk 0:05:30]} 37. Qd4 {[%clk 0:05:01]} h5
{[%clk 0:05:24]} 38. Ne4 {[%clk 0:05:04]} Rf1 {[%clk 0:05:23]} 39. Rf2
{[%clk 0:05:06]} Rxf2 {[%clk 0:05:26]} 40. Qxf2 {[%clk 0:05:10]} c3
{[%clk 0:05:29]} 41. Qc2 {[%clk 0:05:12]} 1-0

[Event "VIII Miedzynarodowy Memorial Ferdynanda Dziedzica"]
[Site "Trzcianka"]
[Date "2018.10.14"]
[Round "2.9"]
[White "Sobczak, Miroslaw"]
[Black "Zakrzewski, Marek"]
[Result "1/2-1/2"]
[BlackElo "2403"]
[WhiteElo "1862"]
[LiveChessVersion "1.4.8"]

1. e4 {[%clk 0:10:09]} d6 {[%clk 0:10:06]} 2. d4 {[%clk 0:10:12]} Nf6
{[%clk 0:10:09]} 3. Nc3 {[%clk 0:10:15]} e5 {[%clk 0:10:13]} 4. Nf3
{[%clk 0:10:17]} Nbd7 {[%clk 0:10:16]} 5. Bc4 {[%clk 0:10:18]} Be7
{[%clk 0:10:08]} 6. O-O {[%clk 0:10:13]} O-O {[%clk 0:10:09]} 7. Qe2
{[%clk 0:10:12]} c6 {[%clk 0:09:51]} 8. dxe5 {[%clk 0:10:15]} dxe5
{[%clk 0:09:48]} 9. a4 {[%clk 0:10:19]} b6 {[%clk 0:09:38]} 10. Rd1
{[%clk 0:10:22]} Qc7 {[%clk 0:09:41]} 11. Bg5 {[%clk 0:10:21]} Nc5
{[%clk 0:09:20]} 12. h3 {[%clk 0:10:17]} Be6 {[%clk 0:09:23]} 13. b4
{[%clk 0:10:04]} Bxc4 {[%clk 0:06:37]} 14. Qxc4 {[%clk 0:10:07]} Ne6
{[%clk 0:06:42]} 15. Bxf6 {[%clk 0:09:50]} Bxf6 {[%clk 0:06:46]} 16. Nd5
{[%clk 0:09:53]} Qb7 {[%clk 0:06:50]} 17. Nxf6+ {[%clk 0:09:42]} gxf6
{[%clk 0:06:53]} 18. Rd6 {[%clk 0:09:46]} c5 {[%clk 0:06:16]} 19. b5
{[%clk 0:09:37]} Rfd8 {[%clk 0:05:30]} 20. Rad1 {[%clk 0:09:40]} Qe7
{[%clk 0:05:29]} 21. Rxd8+ {[%clk 0:06:02]} Rxd8 {[%clk 0:05:32]} 22. Rxd8+
{[%clk 0:06:06]} Qxd8 {[%clk 0:05:35]} 23. Nh4 {[%clk 0:06:10]} Qd4
{[%clk 0:04:14]} 24. Qe2 {[%clk 0:06:12]} Ng5 {[%clk 0:04:11]} 25. Qg4
{[%clk 0:06:08]} h5 {[%clk 0:03:03]} 26. Qc8+ {[%clk 0:05:27]} Kh7
{[%clk 0:03:07]} 27. Nf5 {[%clk 0:05:32]} Qxe4 {[%clk 0:02:18]} 28. Ne7
{[%clk 0:05:35]} Qe1+ {[%clk 0:00:54]} 29. Kh2 {[%clk 0:05:39]} Qxf2
{[%clk 0:00:28]} 30. Qg8+ {[%clk 0:02:13]} Kh6 {[%clk 0:00:32]} 31. Qf8+
{[%clk 0:02:17]} Kh7 {[%clk 0:00:36]} 32. Qg8+ 1/2-1/2